Random Oceanian Cities Map Quiz - Statistics

General Stats
  • This quiz has been taken 325 times
  • The average score is 6 of 10
Answers on the Map
Answers color-coded by a green-red scale on the quiz's map according to % correct below.
 
Answer Stats
Answer % Correct
Adelaide
100%
Alice Springs
100%
Apia
100%
Canberra
100%
Christchurch
100%
Darwin
100%
Funafuti
100%
Honolulu
100%
Jayapura
100%
Napier
100%
Noumea
100%
Nuku'alofa
100%
Port Moresby
100%
Wellington
100%
Sorong
91%
Melbourne
90%
Hagåtña
88%
Honiara
87%
Brisbane
86%
Auckland
83%
Hobart
83%
Suva
83%
Gold Coast
80%
Sunshine Coast
80%
Sydney
80%
Kahului
78%
Dunedin
75%
Hamilton
75%
Madang
75%
Palmerston North
75%
Bundaberg
71%
Tarawa
71%
Cairns
67%
Hilo
67%
Lae
67%
Launceston
67%
Perth
67%
Rockhampton
67%
Pape'ete
63%
Port Hedland
63%
Port Vila
63%
Avarua
60%
Buka
60%
Kalgoorie
60%
Lautoka
60%
Broome
57%
Tauranga
57%
Wollongong
56%
Geelong
50%
Koror
50%
Majuro
50%
Pago Pago
50%
Saipan
50%
Wagga Wagga
50%
Ballarat
40%
Invercargill
40%
Newcastle
40%
Whyalla
38%
Colonia
33%
Exmouth
33%
Queenstown
33%
Kolonia
29%
Albury
27%
Townsville
25%
Bunbury
18%
Nelson
17%
Bendigo
14%
Port Macquarie
14%
Albany
0%
Coffs Harbour
0%
Geraldton
0%
Kokopo
0%
Mackay
0%
Mount Gambier
0%
Weno
0%
No matching quizzes found
Score Distribution
Percent of People with Each Score
Percentile by Number Answered
Your Score History
You have not taken this quiz